[Event "Aktobe Dvorkovich op"]
[Site "Aktobe"]
[Date "2024.05.27"]
[Round "3"]
[White "Puranik, Abhimanyu Sameer"]
[Black "Goganov, Aleksey"]
[Result "1-0"]
[WhiteElo "2629"]
[BlackElo "2483"]
[PlyCount "67"]
[EventDate "2024.05.25"]
[EventType "swiss"]
[EventRounds "9"]
[EventCountry "KAZ"]
[SourceTitle "CBM 220 Extra"]
[Source "ChessBase"]
[SourceDate "2024.07.31"]
[SourceVersion "1"]
[SourceVersionDate "2024.07.31"]
[SourceQuality "1"]

1. e4 e5 2. Nf3 Nc6 3. d4 exd4 4. Nxd4 Nf6 5. Nxc6 bxc6 6. e5 Qe7 7. Qe2 Nd5 8. h4 d6 9. c4 Nb6 10. exd6 Qxe2+ 11. Bxe2 Bxd6 12. Nc3 Be5 13. Bd2 Be6 14. b3 0-0-0 15. 0-0-0 Nd7 16. Ne4 Nf6 17. Ng5 Bd4 18. f4 Rhe8 19. Bf3 Bg4 20. Bxc6 Bxd1 21. Bxe8 Bxb3 22. Bb5 Bxa2 23. Nxf7 Rf8 24. Ne5 Kb7 25. Rh3 a6 26. Ba4 Bxe5 27. fxe5 Ne4 28. e6 Rf1+ 29. Kb2 Nxd2 30. e7 Nxc4+ 31. Kxa2 Nd6 32. Rb3+ Kc8 33. Re3 Kb7 34. Re6 1-0

[Event "Aktobe Dvorkovich op"]
[Site "Aktobe"]
[Date "2024.05.26"]
[Round "2"]
[White "Goganov, Aleksey"]
[Black "Chigaev, Maksim"]
[Result "1/2-1/2"]
[WhiteElo "2483"]
[BlackElo "2646"]
[PlyCount "80"]
[EventDate "2024.05.25"]
[EventType "swiss"]
[EventRounds "9"]
[EventCountry "KAZ"]
[SourceTitle "CBM 220 Extra"]
[Source "ChessBase"]
[SourceDate "2024.07.31"]
[SourceVersion "1"]
[SourceVersionDate "2024.07.31"]
[SourceQuality "1"]

1. e4 e5 2. Nf3 Nc6 3. Bb5 a6 4. Ba4 g6 5. d4 b5 6. Bb3 exd4 7. a4 b4 8. Nxd4 Na5 9. Bd5 c6 10. Ba2 Bg7 11. 0-0 Ne7 12. c3 c5 13. cxb4 cxb4 14. Nd2 0-0 15. N2f3 d5 16. exd5 Nxd5 17. Bg5 Qd7 18. Rc1 h6 19. Bxd5 Qxd5 20. Be7 Re8 21. Bxb4 Bg4 22. h3 Bxf3 23. Nxf3 Qxd1 24. Rfxd1 Nb3 25. Rc7 Rec8 26. Rxc8+ Rxc8 27. Ba3 Rc2 28. Rd3 Nc1 29. Rd8+ Kh7 30. Rd2 Rc4 31. Rd7 Kg8 32. b4 Ne2+ 33. Kf1 Nc3 34. Nd2 Rc8 35. Bb2 Nxa4 36. Bxg7 Kxg7 37. Ne4 Rc1+ 38. Ke2 Nc3+ 39. Nxc3 Rxc3 40. Rd6 Rb3 1/2-1/2